Textos de magia en papiros griegos
Guardat en:
| Format: | Llibre |
|---|---|
| Idioma: | espanyol |
| Publicat: |
Madrid
Gredos
1987
|
| Col·lecció: | Biblioteca Clásica Gredos, 105
|
| Matèries: | |
| Etiquetes: |
Afegir etiqueta
Sense etiquetes, Sigues el primer a etiquetar aquest registre!
|
MARC
| LEADER | 00000nam a2200000 a 4500 | ||
|---|---|---|---|
| 001 | UCX2368 | ||
| 003 | CL-VaPUC | ||
| 008 | 910506e19870000SP |||||||||||||||||spa|d | ||
| 082 | 0 | 4 | |a 133.43 |b TEX |2 21 |
| 245 | 1 | 0 | |a Textos de magia en papiros griegos |
| 300 | |a 430 p | ||
| 942 | |c BK | ||
| 945 | |d 19910506 00:00:00 | ||
| 260 | |a Madrid |b Gredos |c 1987 | ||
| 650 | 7 | |a MAGIA GRIEGA |2 CL-VaPUC |9 318277 | |
| 650 | 7 | |a PAPIROS |2 CL-VaPUC |9 318278 | |
| 651 | 0 | |a Grecia |9 265314 | |
| 583 | |a last modification |c 19910506 00:00:00 |k Rodrigo Vera | ||
| 490 | 0 | |a Biblioteca Clásica Gredos, 105 | |
| 999 | |c 223404 |d 223402 | ||
| 952 | |0 0 |1 0 |4 0 |6 133_430000000000000_TEX_1987 |7 0 |8 X |9 219164 |a BIBHIS |b BIBHIS |d 2019-11-15 |i 2879271 |l 1 |o 133.43 TEX 1987 |p 2879271 |r 2024-10-16 |s 2024-10-16 |w 2019-11-15 |y BK_X |k HIS | ||